Steins;Gate Personnages - Statistiques

Statistiques générales
  • Ce quiz a été pris 45 fois
  • Le résultat moyen est 9 sur 21
Statistiques - réponses
Indice Réponce % Correct
Mad Scientist Rintarô Okabe (Okarin) / Hououin Kyouma
97%
Christina Kurisu Makise
94%
Tutturuuu ! Mayuri Shiina (Mayushii)
87%
Super Hacker Itaru Hashida (Daru)
81%
IA à l'Effigie de Christina Amadeus System
65%
"Mais c'est un mec" Luka Urushibara (Lukako)
65%
Guerrière Employée Suzuha Amane
65%
Nyaaa ! Rumiho Akiha / Faris NyanNyan
61%
Propriétaire de l'Immeuble Yugo Tennouji / Mr. Ferdinand Braun
61%
Shining Finger Moeka Kiryu
55%
Fille du Propriétaire Nae Tennouji
48%
Professeur de l'Université Viktor Chondria Alexis Leskinen
35%
Amie de Christina Maho Hiyajo
32%
Fille Amnésique Kagari Shiina
29%
Futur Femme du Super Hacker Yuki Amane
26%
Professeure de l'Université Viktor Chondria Judy Reyes
16%
Scientifique Dr. Nakabachi / Shouichi Makise
13%
Prêtre d'un Sanctuaire Eisuke Urushibara
3%
Amie de Tutturuuu ! Kaede Kurushima
3%
Amie de Tutturuuu ! Katsumi Nakase
3%
Mort dans un Accident Yukitaka Akiha
0%
Aucun quiz correspondant
Distribution des résultats
% des personnes avec chaque résultat
Percentile par nombre de réponses
Votre historique - résultats
Vous n’avez pas pris ce quiz